| 000 | 01005nam a2200241 a 4500 | ||
|---|---|---|---|
| 005 | 20250116063828.0 | ||
| 008 | 991125s1978 mx 000 0 spa u | ||
| 035 | _aUPN01000010635 | ||
| 049 | _aSEP | ||
| 050 | 4 |
_aLC5309 U58 _bP4001 1978c |
|
| 100 | 1 | _aDíaz Infante Núñez, Josefina | |
| 245 | 1 | 0 |
_aConcepto, estructura y jerarquía científica de la pedagogía : _btercera parte / _cautores Josefina Díaz Infante Núñez, Ana María Avila Gallo, Mario Martínez Loyo |
| 260 |
_aMéxico : _bSEP, Dirección General de Capacitación y Mejoramiento Profesional del Magisterio, _c1978 |
||
| 300 |
_a94 p. : _bil |
||
| 440 | 0 | _aArea de pedagogía y didáctica generales : curso único$vunidad ; 1 | |
| 650 | 4 |
_aEducación _9682 |
|
| 650 | 4 |
_aEducación a distancia _zMéxico _914380 |
|
| 700 | 2 |
_aAvila Gallo, Ana María, _ecoaut. |
|
| 700 | 2 |
_aMartínez Loyo, Mario, _ecoaut. |
|
| 710 | 1 |
_aPrograma Nacional de Capacitación del Magisterio (México) _929442 |
|
| 904 |
_aAC _b010636 |
||
| 905 | _aLibro | ||
| 999 |
_c10635 _d10635 |
||